000 00854nam a2200253Ia 4500
003 OSt
005 20220923211116.0
006 a|||||r|||| 00| 0
007 ta
008 220922b |||||||| |||| 00| 0 hin d
020 _a8181433912 (hbk)
_c200
024 _a235,921
037 _b481, 21/03/2008, Vani Prakashan
_cTextual
040 _aARTS
_cARTS
_bhin
041 _2hin
_ahin
082 _aP152:3, P6
100 _aनारायण दास
_9156278
245 0 _aहिन्दी में विभक्ति प्रयोग
246 _aHindī mean vibhakti prayoga
260 _aनयी दिल्ली
_b वाणी प्रकाशन
_c2006
300 _a176पृ.
_ccm.
942 _hP152:3, P6
_cTEXL
_2CC
999 _c295367
_d295367